| 000 -LEADER |
| fixed length control field |
01143nam a2200253Ia 4500 |
| 001 - CONTROL NUMBER |
| control field |
18048 |
| 003 - CONTROL NUMBER IDENTIFIER |
| control field |
GE_BSU |
| 008 - FIXED-LENGTH DATA ELEMENTS--GENERAL INFORMATION |
| fixed length control field |
181216s||||||||xx |||||||||||||| ||und|| |
| 040 ## - CATALOGING SOURCE |
| Transcribing agency |
GE_BSU |
| 080 ## - UNIVERSAL DECIMAL CLASSIFICATION NUMBER |
| Universal Decimal Classification number |
81 |
| 100 ## - MAIN ENTRY--PERSONAL NAME |
| Personal name |
შარაძენიძე, თინათინ |
| 245 ## - TITLE STATEMENT |
| Title |
თანამედროვე ენათმეცნიერების თეორიული საკითხები |
| 245 ## - TITLE STATEMENT |
| Statement of responsibility, etc. |
მხატვ. გ. ნადირაძე |
| 250 ## - EDITION STATEMENT |
| Edition statement |
საქ. სსრ მეცნ. აკად. ენთმეცნიერების ინსტიტუტი |
| 260 ## - PUBLICATION, DISTRIBUTION, ETC. |
| Place of publication, distribution, etc. |
თბილისი |
| 260 ## - PUBLICATION, DISTRIBUTION, ETC. |
| Name of publisher, distributor, etc. |
მეცნიერება |
| 260 ## - PUBLICATION, DISTRIBUTION, ETC. |
| Date of publication, distribution, etc. |
1972 |
| 300 ## - PHYSICAL DESCRIPTION |
| Extent |
438გვ. ; 22სმ |
| 300 ## - PHYSICAL DESCRIPTION |
| Accompanying material |
პირის სახელთა საძიებელი: გვ.431-438. |
| 520 ## - SUMMARY, ETC. |
| Summary, etc. |
რეზუმე რუს. |
| 653 ## - INDEX TERM--UNCONTROLLED |
| Uncontrolled term |
ენათმეცნიერების თეორია |
| 653 ## - INDEX TERM--UNCONTROLLED |
| Uncontrolled term |
თანამედროვე ენათმეცნიერების თეორიული საკითხები |
| 942 ## - ADDED ENTRY ELEMENTS (KOHA) |
| Koha item type |
წიგნი |